Food in Other Words Quiz Stats

Quiz Updated Sep 13, 2015

Challenge
Share
Tweet
Embed
Score 0/25 Timer 04:00
4 Plays Today
% Correct
Cod
93%
Oat
89.8%
Pea
81.4%
Nut
78%
Rye
78%
Mint
73.6%
Ham
72.8%
Apple
66.4%
Lime
66.1%
Corn
63.8%
Bun
63.5%
Clam
61.2%
Tuna
60.2%
% Correct
Liver
58.4%
Taco
58.1%
Raisin
58%
Egg
57.7%
Veal
56.1%
Jam
52.6%
Pie
48.8%
Salt
45.5%
Tomato
38.8%
Rice
35.4%
Lox
35.3%
Yam
25.7%

You're not logged in!

Compare scores with friends on all Sporcle quizzes.
Sign Up with Email
OR
Log In

You Might Also Like...

Show Comments

Extras

Top Quizzes Today


Score Distribution

Your Account Isn't Verified!

In order to create a playlist on Sporcle, you need to verify the email address you used during registration. Go to your Sporcle Settings to finish the process.